| 000 | 00572nam a22001937a 4500 | ||
|---|---|---|---|
| 005 | 20251108172126.0 | ||
| 008 | 250721s9999 xx 000 0 ara d | ||
| 082 | 1 | 4 | _a817/زاخ |
| 100 | 1 |
_aزاخر، كمال _eمؤلف |
|
| 245 | 1 | 0 |
_aعلم ابنك كيف يحب الحياة : _bرسائل إلى الآباء / |
| 264 | 1 |
_aالقاهرة : _bمكتبة العرب، _c[19-]. |
|
| 300 | _a80ص | ||
| 650 | 1 | 7 | _aالرسائل |
| 650 | 1 | 7 | _aالأدب العربي |
| 650 | 1 | 7 | _aالآباء |
| 650 | 1 | 7 | _aالأبناء |
| 942 |
_2ddc _cBK |
||
| 999 |
_c71078 _d71078 |
||